00826nam a2200193 a 450000100100000000500170001000800410002704000250006808200220009310000280011524501090014326000420025230000210029459000280031570000310034395201200037495201210049499900170061500004907020201002061629.0190717s1980 dr 000 spa d aDO-SdBNPbspacBNPHU a345.729302bR426c1 aRosario, Antonio92226710aCódigo de procedimiento criminal de la República Dominicana. /cAntonio Rosario, Darío Balcácer. aSanto Domingo :bAlfa y Omega,c1980. a397 p. ;c21 cm. aInventariado, 2019 / DG1 aBalcácer, Darío956912 0010718PDaPDbPDcHDd2019-07-17iLF1l0o345.729302 R426cp49071-10r2020-06-25w2020-06-25yLFPDZNo se presta 00107-18PDaPDbPDcOId2019-07-17iLF1l0o345.729302 R426cp49072-10r2020-06-25w2020-06-25yLFPDZNo se presta c48558d48558